000 00252nam a22001217a 4500
003 SGT
082 _a823
_bWHI
100 _aWHITE E.B
245 _aTHE TRUMPET OF THE SWAN
260 _aENGLAND
_bPUFFIN PUB
_c2014
300 _a283
942 _2ddc
_cBK
999 _c33701
_d33701